| 000 | 00680nac a22002051u 4500 | ||
|---|---|---|---|
| 020 | _a0750667206 | ||
| 082 |
_a620.12 _bM4599 |
||
| 090 |
_c2924 _d2924 |
||
| 100 | _aMcFarlane ,Bob. | ||
| 245 |
_aBeginning Autocad 2005/ _bBob McFarlane. |
||
| 260 |
_aGreat Britain:2005 _bEl sevier, _cc.2005. |
||
| 300 |
_a406p.: _bill; _c30cm. |
||
| 504 | _aIncludes Index. | ||
| 650 | _aAutoCAD. | ||
| 650 | _aComputer graphics. | ||
| 650 | _aEngineering models. | ||
| 700 | _aMcFarlane ,Bob. | ||
| 942 |
_cBB _k620.12M4599 |
||
| 999 |
_c2924 _d2924 |
||